000 00285nam a22001337a 4500
008 170630b xxu||||| |||| 00| 0 eng d
020 _a9780684193564
041 _aeng
080 _a82
100 _a22
101 _aGJL
245 _aAMERICAN WRITERS
_cBAECHLER,L
942 _2udc
_cBK
999 _c19766
_d19766